Tesori della Pinacoteca Vaticana
Saved in:
| Hovedforfatter: | |
|---|---|
| Format: | Bog |
| Sprog: | italiensk |
| Udgivet: |
Milán
Martello-Pirola
1964
|
| Fag: | |
| Tags: |
Tilføj Tag
Ingen Tags, Vær først til at tagge denne postø!
|
MARC
| LEADER | 00000nam a2200000 a 4500 | ||
|---|---|---|---|
| 001 | UCZ0370 | ||
| 003 | CL-VaPUC | ||
| 008 | 950728e19640000IT |||||||||||||||||ita|d | ||
| 082 | 0 | 4 | |a 759.5 |b FRA |2 21 |
| 100 | 0 | |a Francia, Ennio |e author |9 343143 | |
| 245 | 1 | 0 | |a Tesori della Pinacoteca Vaticana |
| 300 | |a 106 p | ||
| 942 | |c BK | ||
| 945 | |d 19950728 00:00:00 |a rbrito | ||
| 260 | |a Milán |b Martello-Pirola |c 1964 | ||
| 650 | 0 | |a Pintura italiana |9 265293 | |
| 650 | 0 | |a Pintores italianos |9 265277 | |
| 651 | 0 | |a Italia |9 254949 | |
| 651 | 0 | |a Vaticano |9 314201 | |
| 583 | |a last modification |c 19950728 00:00:00 |k Rodrigo Vera | ||
| 999 | |c 237306 |d 237304 | ||
| 952 | |0 0 |1 0 |4 0 |6 759_500000000000000_FRA_1964 |7 0 |8 A |9 246229 |a BIBART |b BIBART |d 2019-11-18 |i 3100464 |o 759.5 FRA 1964 |p 3100464 |r 2025-03-13 |w 2019-11-18 |y BK |k ART | ||